Pr adobe premiere pro cc 2018 release / (Record no. 157671)

MARC details
000 -LEADER
fixed length control field 00595nam a22001937a 4500
005 - DATE AND TIME OF LATEST TRANSACTION
control field 20180924151235.0
010 ## - LCCN (DPL NO)
LC control number ENG-124041
020 ## - INTERNATIONAL STANDARD BOOK NUMBER
International Standard Book Number 9789352869060
Terms of availability 749.00
035 ## - SYSTEM CONTROL NUMBER
System control number EN-107573
037 ## - SOURCE OF ACQUISITION
Source of stock number/acquisition DBAD/PUB
082 ## - DEWEY DECIMAL CLASSIFICATION NUMBER
Classification number 777.55
100 ## - MAIN ENTRY--PERSONAL NAME
Personal name Jago, Maxim
245 ## - TITLE STATEMENT
Title Pr adobe premiere pro cc 2018 release /
Statement of responsibility, etc by Maxim Jago
260 ## - PUBLICATION, DISTRIBUTION, ETC. (IMPRINT)
Place of publication, distribution, etc Noida
Name of publisher, distributor, etc Pearson
Date of publication, distribution, etc 2018
270 ## - ADDRESS
Address 15th Floor, Tower B, Worls Trade Tower, Plot No.1, Block -C
City Noida (UP)
Postal code 201301
300 ## - PHYSICAL DESCRIPTION
Extent xvii, 452p.
Dimensions 25cm.(pbk)
Other physical details ill.
500 ## - GENERAL NOTE
General note It includes index
942 ## - ADDED ENTRY ELEMENTS (KOHA)
Source of classification or shelving scheme Dewey Decimal Classification
Item type English Books
Classification part 777.55
Call number suffix JAG
Holdings
Withdrawn status Lost status Not for loan Collection code Home library Current library Date acquired Source of acquisition Cost, normal purchase price Full call number Barcode Copy number Cost, replacement price Koha item type
    Not For Loan Non-fiction D.B.Act.Division Bawana 24/09/2018 DBAD/PUB 749.00 777.55 JAG EN-107573 1 749.00 English Books

© Delhi Public Library
Hit Counter
free hit counter